Vytváranie názornej predstavy o grafe funkcie dvoch reálnych premenných (nielen) využitím prostredia MS Excel

Uložené v:
Podrobná bibliografia
Hlavný autor: Simonka, Zsolt, 1974-
Médium: Kapitola
Jazyk:Slovak
Tagy: Pridať tag
Žiadne tagy, Buďte prvý, kto otaguje tento záznam!

MARC

LEADER 00000naa$a2200000$$$4500
001 0194772
005 20240502073250.1
041 0 |a slo 
044 |a SK 
245 1 0 |a Vytváranie názornej predstavy o grafe funkcie dvoch reálnych premenných (nielen) využitím prostredia MS Excel  |c Zsolt Simonka 
100 1 |a Simonka, Zsolt, 1974-